To sir with love and national curriculum / (Record no. 72138)

MARC details
000 -LEADER
fixed length control field 00712nam a22002177a 4500
005 - DATE AND TIME OF LATEST TRANSACTION
control field 20230529161734.0
008 - FIXED-LENGTH DATA ELEMENTS--GENERAL INFORMATION
fixed length control field 121213t xxu||||| |||| 00| 0 eng d
010 ## - LCCN (DPL NO)
LC control number ENG-106429 ENG-137071
020 ## - INTERNATIONAL STANDARD BOOK NUMBER
International Standard Book Number 9788183243582
Terms of availability 250.00
035 ## - SYSTEM CONTROL NUMBER
System control number EN-89962 EN-120603
037 ## - SOURCE OF ACQUISITION
Source of stock number/acquisition DBAD/PUB
040 ## - CATALOGING SOURCE
Original cataloging agency DPL
Language of cataloging Eng
082 ## - DEWEY DECIMAL CLASSIFICATION NUMBER
Classification number 823.09
100 ## - MAIN ENTRY--PERSONAL NAME
9 (RLIN) 54274
Personal name Ibempishak Devi, W.
245 ## - TITLE STATEMENT
Title To sir with love and national curriculum /
Statement of responsibility, etc by W. Ibempishak Devi ; foreworded by L. Raghumani Singh
260 ## - PUBLICATION, DISTRIBUTION, ETC. (IMPRINT)
Place of publication, distribution, etc New Delhi
Name of publisher, distributor, etc Mittal Publications
Date of publication, distribution, etc 2012
270 ## - ADDRESS
Address 4594/9 Daryaganj
City New Delhi
Postal code 110002
300 ## - PHYSICAL DESCRIPTION
Extent x,72p.
Dimensions 22cm(Hb)
500 ## - GENERAL NOTE
General note Includes index
942 ## - ADDED ENTRY ELEMENTS (KOHA)
Source of classification or shelving scheme Dewey Decimal Classification
Item type English Books
Classification part 823.09
Call number suffix IBE
Holdings
Withdrawn status Lost status Source of classification or shelving scheme Damaged status Not for loan Collection code Home library Current library Date acquired Source of acquisition Cost, normal purchase price Total Checkouts Full call number Barcode Date last seen Copy number Cost, replacement price Koha item type
    Dewey Decimal Classification     Non-fiction Ashok Vihar Ashok Vihar 29/05/2023 DBAD/PUB 250.00   823.09 IBE EN-120603 29/05/2023 1 250.00 English Books
    Dewey Decimal Classification   Not For Loan Non-fiction D.B.Act.Division D.B.Act.Division 13/12/2012 DBAD/PUB 250.00   823.09 IBE EN-89962 13/12/2012 1 250.00 English Books

© Delhi Public Library
Hit Counter
free hit counter